|
|
|
|
| LEADER |
01561cam a2200325 a 4500 |
| 001 |
2350884 |
| 003 |
GR-PaULI |
| 005 |
20241108063406.0 |
| 008 |
830805s1983 gw 100 0 eng |
| 952 |
|
|
|0 0
|1 0
|2 ddc
|4 0
|6 Π_Σ_515_243000000000000_3_COL
|7 0
|8 NFIC
|9 230511
|a LISP
|b LISP
|c REF
|d 2019-03-01
|i 139638
|l 0
|o Π/Σ 515.243 3 COL
|p 025000044019
|r 2019-03-01 00:00:00
|t 1
|v 2019.00
|w 2019-03-01
|y BK15
|
| 999 |
|
|
|c 140038
|d 140038
|
| 010 |
|
|
|a 83017111
|
| 020 |
|
|
|a 0387127178
|c
|
| 020 |
|
|
|a 3540127178
|
| 040 |
|
|
|a DLC
|c GR-PaULI
|d
|b gre
|e AACR2
|
| 041 |
0 |
|
|a eng
|a fre
|
| 082 |
0 |
4 |
|a 515.243 3
|2 23
|
| 111 |
|
|
|9 174351
|a Colloque "Analyse harmonique non commutative et groupes de Lie"
|n (5th :
|d 1982 :
|c Université d'Aix-Marseille Luminy)
|
| 245 |
0 |
0 |
|a Non commutative harmonic analysis and Lie groups :
|b proceedings of the international conference held in Marseille Luminy, 21-26 June, 1982 /
|c edited by J. Carmona and M. Vergne.
|
| 260 |
|
|
|a Berlin ;
|a New York :
|b Springer-Verlag,
|c 1983.
|
| 300 |
|
|
|a 187 σ. ;
|c 25 εκ.
|
| 490 |
1 |
|
|a Lecture notes in mathematics
|v 1020.
|
| 500 |
|
|
|a
|
| 500 |
|
|
|a Proceedings of the Fifth Colloque "Analyse harmonique non commutative et groupes de Lie," held at Marseille-Luminy, June 21-26, 1982.
|
| 650 |
|
4 |
|a Αρμονική ανάλυση
|9 955
|
| 700 |
1 |
|
|a Carmona, Jacques,
|d 1934-
|9 173977
|e επιμελητής.
|
| 700 |
1 |
|
|a Vergne, Michèle
|9 173978
|e επιμελητής.
|
| 830 |
|
0 |
|a Lecture notes in mathematics (Springer-Verlag)
|v 1020.
|9 161263
|
| 942 |
|
|
|2 ddc
|c BKN
|
| 998 |
|
|
|c ΜΠΟΥΡΑΣ
|d 2019-03
|